Understanding human evolution

Αποθηκεύτηκε σε:
Λεπτομέρειες βιβλιογραφικής εγγραφής
Κύριος συγγραφέας: Poirier, Frank E.
Μορφή: Βιβλίο
Γλώσσα:English
Δημοσίευση: Englewood Cliffs : Prentice Hall, 1990
Έκδοση:2nd ed.
Θέματα:
Ετικέτες: Προσθήκη ετικέτας
Δεν υπάρχουν, Καταχωρήστε ετικέτα πρώτοι!

MARC

LEADER 00000nam a2200000 i 4500
001 1/5914
008 960619s1990 eng d
020 |a 0-13-935891-9 
035 |l 10016172 
040 |a GR-MY-UA  |b gre  |e aacr 
041 0 |a eng 
082 0 |a 573.2 
100 1 |a Poirier, Frank E. 
245 1 0 |a Understanding human evolution /  |c Frank E. Poirier 
250 |a 2nd ed. 
260 |a Englewood Cliffs :   |b Prentice Hall,   |c 1990 
300 |a x, 356 σ.;  |b εικ., χάρτες;  |c 24 εκ. 
504 |a Περιέχει βιβλιογραφικές παραπομπές και ευρετήριο 
650 0 0 |a Fossil hominids. 
650 0 0 |a Human evolution. 
650 0 0 |a Prehistoric peoples. 
852 |a INST  |b LESVOS  |e 19960619  |h 573.2 POI  |p 005100005762  |q 005100005762  |t BK  |y 0 
909 |a Λ  |b 018783